000 00451nam a22001697a 4500
999 _c5819
_d5819
003 OSt
005 20220623094514.0
008 220623b ||||| |||| 00| 0 eng d
020 _a-
040 _cALUPE UNIVERSITY COLLEGE
050 _aRT71
_b.N87 2005
245 _aUCSF School of nursing
260 _aCalifornia
_bUniversity of California San Francisco
_cc2005.
300 _a159p.;
_bill.;
_c25cm
500 _aIncludes index
942 _2lcc
_cBK
_nWO